Statistics for Top 15 Countries with Covid-19 Deaths - 1 August 2022

Click here to take the quiz!

General Stats

  • This quiz has been taken 21 times
  • The average score is 16 of 27

Answer Stats

country% Correct
France
100%
United Kingdom
100%
United States
100%
Brazil
95%
Italy
95%
Germany
90%
India
90%
Mexico
90%
Russia
90%
Argentina
76%
Indonesia
76%
Poland
67%
Peru
62%
Colombia
57%
Iran
57%
Bulgaria
38%
Czechia
38%
Romania
38%
Croatia
33%
Slovakia
33%
Bosnia and
Herzegovina
29%
Hungary
29%
Latvia
29%
Lithuania
29%
Slovenia
24%
North Macedonia
19%
Georgia
10%

Score Distribution

Percentile by Number Answered

Percent of People with Each Score

Your Score History

You have not taken this quiz